Football players by Team History #1 - Statistics

General Stats
  • This quiz has been taken 7,000 times
    4,348 since last reset
  • The average score is 9 of 10
Answer Stats
Hint Answer % Correct
Cristiano Ronaldo 2002-2003 Sporting CP
100%
Neymar 2009-2013 Santos
95%
Zlatan Ibrahimović 1999-2001 Malmö FF
94%
Mo Salah 2010-2012 Al Mokawloon
92%
Kevin De Bruyne 2008-2012 RC Genk
91%
Wayne Rooney 2002-2004 Everton
90%
Antoine Griezmann 2009-2014 Real Sociedad
89%
Eden Hazard 2007-2012 Lille
84%
Sergio Agüero 2003-2006 Independiente
83%
Ronaldinho 1998-2001 Grêmio
81%
No matching quizzes found
Score Distribution
Percent of People with Each Score
Percentile by Number Answered
Your Score History
You have not taken this quiz since the last reset